Idols of Symbols (Record no. 3942)

MARC details
000 -LEADER
fixed length control field 00405nam a22001457a 4500
008 - FIXED-LENGTH DATA ELEMENTS--GENERAL INFORMATION
fixed length control field 250623b |||||||| |||| 00| 0 eng d
020 ## - INTERNATIONAL STANDARD BOOK NUMBER
ISBN 9781731133
100 ## - MAIN ENTRY--AUTHOR
Author Ezechi, Joseph
245 ## - TITLE STATEMENT
Title Idols of Symbols
260 ## - PUBLICATION, DISTRIBUTION, ETC. (IMPRINT)
Place of publication Enugu
Name of publisher Enugu Diocesan Printing Press
Date of publication 2018
300 ## - COLLATION
Pagination 476p
650 ## - TRACINGS
Main Subject Idols and images -Nigeria
Subdivision (1st) Igbo (African people)- Religion
942 ## - ADDED ENTRY ELEMENTS (KOHA)
Item type Books
050 ## - LIBRARY OF CONGRESS CALL NUMBER
Classification number BL 485
Item number .E94
Holdings
Source of classification or shelving scheme Not for loan Permanent location Current location Date acquired Accession No. Full call number Barcode. Koha item type
Library of Congress Classification   Samuel Ogbemudia Main Library, University of Abuja Samuel Ogbemudia Main Library, University of Abuja 06/23/2025 2024/62235 BL 485 .E94 2025-2643 Books